000 01754cam a2200157 4500500
005 20260208005822.0
041 _afre
042 _adc
100 1 0 _aKeller-Rahbé, Edwige
_eauthor
245 0 0 _aMADELEINE DE SCUDÉRY, Mathilde. Édition établie et présentée par NATHALIE GRANDE. Paris, Honoré Champion, « Sources classiques », n° 38,2002. Un vol. 14 × 22 de 318 p. MADELEINE DE SCUDÉRY, La Promenade de Versailles. Éditée et présentée par MARIE-GABRIELLE LALLEMAND. Paris, Honoré Champion, « Sources classiques », n° 38,2002. Un vol. 14 × 22 de 290 p.
260 _c2005.
500 _a91
520 _aTout occupé à signifier le mystère essentiel et l’opacité du réel, le roman, chez Jules Barbey d’Aurevilly comme chez Marcel Proust, est le lieu indécis d’une confrontation entre la poésie et le récit. Ainsi, quand la prose romanesque de Barbey prétend porter le deuil du poème perdu, la Recherche orchestre avec bonheur, au contraire, une unité retrouvée. Chez Proust, roman et recueil se confondent, prose et poésie se rejoignent et la question métaphysique trouve une réponse esthétique. Aux fondrières (en fait de fondations) sur lesquelles le « barbare à sensations » qu’est Barbey a bâti l’édifice jésuitique d’une œuvre dont le catholicisme a souvent éveillé le soupçon, peut alors succéder la « cathédrale » immense élevée à la gloire de la littérature par le « dilettante d’architecture » qui fonde notre modernité.
786 0 _nRevue d'histoire littéraire de la France | 105 | 3 | 2005-06-01 | p. 655p-764p | 0035-2411
856 4 1 _uhttps://shs.cairn.info/revue-d-histoire-litteraire-de-la-france-2005-3-page-655p?lang=fr&redirect-ssocas=7080
999 _c1653949
_d1653949